LIBRARY ONLINE CATALOGUE

Risk management and insurance / (Record no. 1577)

MARC details
000 -LEADER
fixed length control field 00896nam a22002532 4500
001 - CONTROL NUMBER
control field 0000020989
005 - DATE AND TIME OF LATEST TRANSACTION
control field 20151021152602.0
008 - FIXED-LENGTH DATA ELEMENTS--GENERAL INFORMATION
fixed length control field 120106s xx 000 0 eng d
020 ## - INTERNATIONAL STANDARD BOOK NUMBER
International Standard Book Number 8131503300 :
040 ## - CATALOGING SOURCE
Original cataloging agency KABU
Transcribing agency KABU
100 1# - MAIN ENTRY--PERSONAL NAME
Personal name Trieschmann, James S.
-- 0000181648
245 10 - TITLE STATEMENT
Title Risk management and insurance /
Statement of responsibility, etc. James S. Trieschmann, Robert E. Hoyt, David W. Sommer.
250 ## - EDITION STATEMENT
Edition statement 12th ed.
260 ## - PUBLICATION, DISTRIBUTION, ETC. (IMPRINT)
Place of publication, distribution, etc. New Delhi :
Name of publisher, distributor, etc. Cengage,
Date of publication, distribution, etc. 2005.
300 ## - PHYSICAL DESCRIPTION
Extent 1 v. (various pagings) ;
650 #0 - SUBJECT ADDED ENTRY--TOPICAL TERM
Topical term or geographic name as entry element Insurance
Geographic subdivision United States.
-- 0000181649
650 #0 - SUBJECT ADDED ENTRY--TOPICAL TERM
Topical term or geographic name as entry element Risk management
Geographic subdivision United States.
-- 0000177873
700 1# - ADDED ENTRY--PERSONAL NAME
Personal name Hoyt, Robert E.
-- 0000181650
700 1# - ADDED ENTRY--PERSONAL NAME
Personal name Sommer, David W.
-- 0000181651
852 1# - LOCATION
-- p1550 KES
852 1# - LOCATION
-- p1550 KES
908 ## - PUT COMMAND PARAMETER (RLIN)
Put command parameter 120106
950 ## - LOCAL HOLDINGS (RLIN)
-- 1
Holdings
Withdrawn status Lost status Source of classification or shelving scheme Not for loan Home library Current library Date acquired Total Checkouts Full call number Barcode Date last seen Date last checked out Copy number Price effective from Koha item type
    Library of Congress Classification   Kabarak, Main Campus Kabarak, Main Campus 21/10/2015 2 HG8051 .T75 2005 c. 1 20130 15/08/2018 14/08/2018 C.1 21/10/2015 General Collection
    Library of Congress Classification   Kabarak, Nakuru City Campus Kabarak, Nakuru City Campus 21/10/2015 2 HG8051 .T75 2005 c. 1 20133 25/05/2021 19/03/2021 C.1 21/10/2015 General Collection